000 00542nam a22001817a 4500
003 UA-OsUOA
001 16207
007 ta
008 20031223b un ||||| |||| 00| 0 ukr d
100 _aСоловей О.
942 _cSA
040 _aUA-OsUOA
_cUA-OsUOA
_dUA-OsUOA
245 _aЗа сумління - людська шана: [Про роботу поштовиків Рівненщини]
300 _aС.7
955 _a0
773 0 _w0
_tСім днів
_dРівне
_d2003
_g№41/ 10 жовт./
650 7 _aЗв'язок
_2UDC
999 _c302372
_d302372